Online
Catalog

Historia de los heterodoxos españoles / (Record no. 38814)

MARC details
000 -CABECERA
campo de control de longitud fija 00618cam a22001691 4500
001 - NÚMERO DE CONTROL
campo de control 000039324
005 - FECHA Y HORA DE LA ÚLTIMA TRANSACCIÓN
campo de control 20201002031610.0
008 - DATOS DE LONGITUD FIJA--INFORMACIÓN GENERAL
campo de control de longitud fija 860306s1992 sp 000 0 spa
040 ## - FUENTE DE LA CATALOGACIÓN
Centro catalogador/agencia de origen DO-SdBNP
Lengua de catalogación spa
Centro/agencia transcriptor BNPHU
100 1# - ENTRADA PRINCIPAL--NOMBRE DE PERSONA
Nombre de persona Menendez y Pelayo, Marcelino,
Fechas asociadas al nombre 1856-1912.
9 (RLIN) 4620
245 10 - MENCIÓN DE TÍTULO
Título Historia de los heterodoxos españoles /
Mención de responsabilidad, etc. Marcelino Menendez y Pelayo.
260 ## - PUBLICACIÓN, DISTRIBUCIÓN, ETC.
Lugar de publicación, distribución, etc. Madrid, :
Nombre del editor, distribuidor, etc. Consejo Superiorior de Investigación Científicas.
300 ## - DESCRIPCIÓN FÍSICA
Extensión 3v. ;
Dimensiones 22 cm.
500 ## - NOTA GENERAL
Nota general La biblioteca posee el v. 1-3
500 ## - NOTA GENERAL
Nota general Edición Fascimil
500 ## - NOTA GENERAL
Nota general Incluye referencias bibliográficas y notas al pie de las paginas
Holdings
Estado de retiro Estado de pérdida Restricciones de uso No para préstamo Código de colección Localización permanente Ubicación/localización actual Ubicación en estantería Fecha de adquisición Número de inventario Total de préstamos Signatura topográfica completa Código de barras Fecha visto por última vez Precio válido a partir de Tipo de ítem Koha
      Excluido de préstamo Monografías: Libros y Folletos General General En catalogación 21.06.2013 LF1   v. 1 39324-10 25.06.2020 25.06.2020 No se presta
      Excluido de préstamo Monografías: Libros y Folletos General General En catalogación 24.06.2013 LF1   v. 1, e. 2 39324-20 25.06.2020 25.06.2020 No se presta
      Excluido de préstamo Monografías: Libros y Folletos General General En catalogación 24.06.2013 LF1   v. 2 39324-30 25.06.2020 25.06.2020 No se presta
      Excluido de préstamo Monografías: Libros y Folletos General General En catalogación 24.06.2013 LF1   v. 2, e. 2 39324-40 25.06.2020 25.06.2020 No se presta
      Excluido de préstamo Monografías: Libros y Folletos General General En catalogación 24.06.2013 LF1   v. 3 39324-50 25.06.2020 25.06.2020 No se presta

Powered by Koha